LEADER 01249nam0 22002893i 450 001 REA0039473 005 20231121125648.0 010 $a8824312268 100 $a20150121d1997 ||||0itac50 ba 101 | $aita 102 $ait 181 1$6z01$ai $bxxxe 182 1$6z01$an 200 1 $aAbilitazioni alle trasformazioni urbanistiche ed edilizie$elottizzazione, concessione, autorizzazione, denuncia inizio attività, riscontri di conformità$ecommento comprensivo della Bassanini-bis$fRomilda Giuffrè, Vincenzo Giuffrè 210 $aNapoli$cJovene$d1997 215 $aLVIII, 323 p.$d24 cm. 606 $aDiritto Amministrativo E Finanziario$2FIR$3RMLC380158$9I 700 1$aGiuffrè$b, Romilda$3REAV095246$4070$0411509 701 1$aGiuffrè$b, Vincenzo$3CFIV002900$4070$0352913 801 3$aIT$bIT-01$c20150121 850 $aIT-FR0098 899 $aBiblioteca Area Giuridico Economica$bFR0098 912 $aREA0039473 950 0$aBiblioteca Area Giuridico Economica$d 53DSG 02/0448$e 53VM 0000208095 VM barcode:GIU000781. - Inventario:1174VM$fA $h20010423$i20121204 977 $a 53 996 $aAbilitazioni alle trasformazioni urbanistiche ed edilizie$9626983 997 $aUNICAS LEADER 01442nam0 2200337 i 450 001 CFI0015766 005 20231121125426.0 020 $aIT$b87-351 100 $a20201124d1986 ||||0itac50 ba 101 | $aita 102 $ait 181 1$6z01$ai $bxxxe 182 1$6z01$an 200 1 $a˜L'œequivoca certezza dei legami forti$eviaggio nel pronto soccorso attraverso il sintomo e la malattia$fP. Guidicini, G. Mazzoli$gpremessa di F. Marsala 210 $aMilano$cF. Angeli$d\1986! 215 $a168 p.$d22 cm. 225 | $aSociologia urbana e rurale$i. Sezione 2., Ricerche$v11 410 0$1001CFI0016118$12001 $aSociologia urbana e rurale$i. Sezione 2., Ricerche$v11 606 $aPronto soccorso$xAspetti socio-culturali$2FIR$3RMLC411271$9I 676 $a362.18$9PROBLEMI E SERVIZI DI ASSISTENZA SOCIALE. PRONTO SOCCORSO$v21 700 1$aGuidicini$b, Paolo$3CFIV107045$4070$0440398 701 1$aMazzoli$b, Lella$3RAVV226818$4070$052485 790 1$aMazzoli$b, Graziella$3CFIV233427$zMazzoli, Lella 801 3$aIT$bIT-01$c20201124 850 $aIT-FR0017 899 $aBiblioteca umanistica Giorgio Aprea$bFR0017 $eN 912 $aCFI0015766 950 0$aBiblioteca umanistica Giorgio Aprea$d 52MAG 6/686$e 52MAG0000148515 VMB RS $fA $h20201124$i20201124 977 $a 52 996 $aEquivoca certezza dei legami forti$91451435 997 $aUNICAS